Movies Cut Off At 'T' Quiz Stats

 Plays Quiz Updated Oct 2, 2018

Challenge
Share
Tweet
Embed
Score 0/30 Timer 06:00
1 Play Today
Cut Off at T Movie Title % Correct
SAVING PRIVATE RYAN
94.1%
AVATAR
92.9%
FULL METAL JACKET
90.9%
BAD SANTA
90.1%
DANCES WITH WOLVES
89%
DEAD POETS SOCIETY
88.7%
BASIC INSTINCT
88.5%
2 FAST 2 FURIOUS
85%
BEND IT LIKE BECKHAM
83.7%
O BROTHER, WHERE ART THOU?
83.4%
ROMEO MUST DIE
80.1%
HEAVY METAL
78.6%
WE BOUGHT A ZOO
70.3%
GARDEN STATE
69.5%
GIRL, INTERRUPTED
69.3%
Cut Off at T Movie Title % Correct
OUR IDIOT BROTHER
66.5%
HORSE FEATHERS
61.4%
ANNIE GET YOUR GUN
60%
ENEMY AT THE GATES
58.7%
SOYLENT GREEN
58.4%
GRANTORINO
54.1%
GROSSE POINTE BLANK
51.8%
HE GOT GAME
49.8%
PLAY MISTY FOR ME
44.8%
RACHEL GETTING MARRIED
34.2%
I'M GONNA GIT YOU SUCKA
30.4%
QUEEN CHRISTINA
28.1%
CASUALTIES OF WAR
25.7%
SHE'S GOTTA HAVE IT
12.9%
JOHNNY GOT HIS GUN
12.2%

You're not logged in!

Compare scores with friends on all Sporcle quizzes.
OR
Log In

You Might Also Like...

Show Comments

Extras

Top Quizzes Today


Score Distribution

Your Account Isn't Verified!

In order to create a playlist on Sporcle, you need to verify the email address you used during registration. Go to your Sporcle Settings to finish the process.

Report this User

Report this user for behavior that violates our Community Guidelines.

Details: